| 000 | 00619nam a2200193Ia 4500 | ||
|---|---|---|---|
| 003 | GCL | ||
| 008 | 140319s9999 xx 000 0 ara d | ||
| 040 |
_aGCL / _cGCL |
||
| 082 | 0 | 4 |
_a701.18 _bش ح |
| 100 | 1 | _aشاكر حسن ال سعيد | |
| 245 | 1 | 0 |
_aالحرية فى الفن ودراسات اخرى / _cشاكر حسن ال سعيد |
| 250 | _aالثانية | ||
| 260 |
_aالاردن : _bالمؤسسة العربية للدراسات والنشر ، _c1994 |
||
| 300 |
_a183 ص ؛ _c24سم |
||
| 650 | 0 | 4 | _aفلسفة |
| 650 | 0 | 4 | _aالفن |
| 650 | 0 | 4 | _aالرمزية فى الفن |
| 942 |
_2ddc _cBK |
||
| 999 |
_c31182 _d31182 |
||